[Event "GER-chT U16"]
[Site "Magdeburg"]
[Date "2019.12.29"]
[Round "6.8"]
[White "Helmsdorf, Marius"]
[Black "Stirnberg, Noah"]
[Result "1/2-1/2"]
[WhiteElo "1574"]
[BlackElo "1877"]
[PlyCount "79"]
[EventDate "2019.12.27"]
[EventType "team-swiss"]
[EventRounds "7"]
[EventCountry "GER"]
[SourceTitle "CBM 194 Extra"]
[Source "ChessBase"]
[SourceDate "2020.03.31"]
[SourceVersion "1"]
[SourceVersionDate "2020.03.31"]
[SourceQuality "1"]
[WhiteTeam "Gera"]
[BlackTeam "Paderborn Blauer Springer"]
[WhiteTeamCountry "GER"]
[BlackTeamCountry "GER"]

1. c4 Nf6 2. g3 e6 3. Nf3 b6 4. Bg2 Bb7 5. 0-0 Be7 6. d4 0-0 7. b3 d6 8. Bb2 Nbd7 9. Nbd2 c5 10. e3 Qc7 11. Qe2 Ne4 12. Rac1 Nxd2 13. Nxd2 Bxg2 14. Kxg2 Qb7+ 15. Qf3 Qxf3+ 16. Nxf3 Bf6 17. Rfd1 Rfd8 18. Rd2 Nf8 19. Rcd1 Rd7 20. dxc5 Bxb2 21. Rxb2 bxc5 22. Rbd2 Rad8 23. e4 f6 24. Ne1 Kf7 25. f4 Ng6 26. Nc2 Ne7 27. Kf3 d5 28. exd5 exd5 29. cxd5 Rxd5 30. Rxd5 Rxd5 31. Rxd5 Nxd5 32. Ne3 Nc3 33. a4 Ke6 34. g4 Na2 35. Nc4 Kd5 36. Ke3 Nc1 37. Na5 Na2 38. Nc4 Nc1 39. Na5 Na2 40. Nc4 1/2-1/2

[Event "Korbach op 8th"]
[Site "Korbach"]
[Date "2016.10.22"]
[Round "5"]
[White "Buese, Ralf"]
[Black "Stirnberg, Noah"]
[Result "1/2-1/2"]
[WhiteElo "1881"]
[BlackElo "1696"]
[PlyCount "30"]
[EventDate "2016.10.20"]
[EventType "swiss"]
[EventRounds "7"]
[EventCountry "GER"]
[SourceTitle "CBM 175 Extra"]
[Source "ChessBase"]
[SourceDate "2016.12.12"]
[SourceVersion "1"]
[SourceVersionDate "2016.12.12"]
[SourceQuality "1"]

1. d4 Nf6 2. Bf4 g6 3. e3 Bg7 4. Nf3 0-0 5. h3 d6 6. c4 c5 7. Nc3 Nbd7 8. Be2 a6 9. 0-0 b6 10. Bh2 Bb7 11. d5 Ne8 12. e4 Ne5 13. Nd2 Nc7 14. f4 Nd7 15. Nf3 b5 1/2-1/2

[Event "GER-chT U12"]
[Site "Verden"]
[Date "2014.12.27"]
[Round "2.2"]
[White "Stirnberg, Noah"]
[Black "Post, Hugo"]
[Result "1/2-1/2"]
[WhiteElo "1528"]
[BlackElo "1682"]
[PlyCount "42"]
[EventDate "2014.12.27"]
[EventType "team-swiss"]
[EventRounds "7"]
[EventCountry "GER"]
[SourceTitle "EXT 2016"]
[Source "ChessBase"]
[SourceDate "2015.10.08"]
[SourceVersion "1"]
[SourceVersionDate "2015.10.08"]
[SourceQuality "1"]
[WhiteTeam "Paderborn"]
[BlackTeam "Halle Reideburg"]
[WhiteTeamCountry "GER"]
[BlackTeamCountry "GER"]

1. e4 c5 2. Nf3 Nc6 3. d4 cxd4 4. Nxd4 g6 5. Nc3 Bg7 6. Nb3 Nf6 7. Be3 0-0 8. f3 d6 9. Be2 Be6 10. Qd2 Rb8 11. 0-0-0 Na5 12. Nd5 Nxb3+ 13. axb3 b5 14. g4 a5 15. h4 a4 16. b4 a3 17. bxa3 Ra8 18. Bb6 Rxa3 19. e5 Qa8 20. Nxe7+ Kh8 21. Ba5 dxe5 1/2-1/2

[Event "GER-chT U10"]
[Site "Magdeburg"]
[Date "2013.12.28"]
[Round "4.1"]
[White "Stirnberg, Noah"]
[Black "Heckmann, Till"]
[Result "1-0"]
[WhiteElo "1355"]
[BlackElo "1463"]
[PlyCount "117"]
[EventDate "2013.12.27"]
[EventType "team-swiss"]
[EventRounds "5"]
[EventCountry "GER"]
[SourceTitle "EXT 2015"]
[Source "ChessBase"]
[SourceDate "2014.11.20"]
[SourceVersion "1"]
[SourceVersionDate "2014.11.20"]
[SourceQuality "1"]
[WhiteTeam "Paderborn"]
[BlackTeam "Berlin Empor"]
[WhiteTeamCountry "GER"]
[BlackTeamCountry "GER"]

1. d4 Nf6 2. Bf4 d6 3. Nf3 g6 4. c3 Bg7 5. e3 0-0 6. Bd3 b6 7. Nbd2 Bb7 8. e4 c5 9. d5 a6 10. a4 Nbd7 11. Qe2 Qc7 12. h3 Nh5 13. Bh2 Ne5 14. g4 Nxd3+ 15. Qxd3 Nf6 16. Nh4 b5 17. 0-0 bxa4 18. Rxa4 a5 19. c4 Nd7 20. f4 Bxb2 21. Nhf3 Bg7 22. Nb1 Ba6 23. Nbd2 Rfb8 24. Re1 Rb4 25. Rxb4 axb4 26. e5 Qd8 27. f5 dxe5 28. Nxe5 Nxe5 29. Bxe5 Bxe5 30. Rxe5 Qc7 31. Qe4 Re8 32. f6 e6 33. dxe6 fxe6 34. Rxe6 Rxe6 35. Qxe6+ Kf8 36. Qxa6 Qg3+ 37. Kf1 Qxh3+ 38. Kf2 Qh4+ 39. Kf3 Qh3+ 40. Kf4 Qh6+ 41. g5 Qh2+ 42. Ke3 Qg1+ 43. Ke2 Qg4+ 44. Kd3 Qf5+ 45. Ke2 Qg4+ 46. Ke1 Qg3+ 47. Kd1 Qg4+ 48. Kc2 Qf5+ 49. Kb2 Qe5+ 50. Ka2 b3+ 51. Nxb3 Qc7 52. Qa8+ Kf7 53. Qd5+ Kf8 54. Qxc5+ Qxc5 55. Nxc5 Kf7 56. Ne4 Ke6 57. c5 Kf5 58. f7 Kg4 59. f8Q 1-0

[Event "GER-ch U10"]
[Site "Oberhof"]
[Date "2013.05.24"]
[Round "10"]
[White "Stirnberg, Noah"]
[Black "Schmidtmann, Samantha"]
[Result "1-0"]
[WhiteElo "1338"]
[BlackElo "1171"]
[PlyCount "69"]
[EventDate "2013.05.19"]
[EventType "swiss"]
[EventRounds "11"]
[EventCountry "GER"]
[SourceTitle "CBM 154 Extra"]
[Source "ChessBase"]
[SourceDate "2013.06.25"]
[SourceVersion "2"]
[SourceVersionDate "2013.06.25"]
[SourceQuality "1"]

1. d4 Nf6 2. c4 g6 3. Nc3 Bg7 4. e4 d6 5. f4 0-0 6. Nf3 c5 7. d5 e6 8. Be2 Re8 9. Qc2 exd5 10. cxd5 Bg4 11. 0-0 Nbd7 12. h3 Bxf3 13. Bxf3 Rc8 14. Re1 Qa5 15. Bd2 Qd8 16. a4 b6 17. Nb5 Nb8 18. Nxa7 Rc7 19. Nb5 Rce7 20. a5 h6 21. a6 Nxa6 22. Rxa6 Qb8 23. Nxd6 Qxd6 24. e5 Qd8 25. d6 Re6 26. Bc6 Nd7 27. Ra8 Qh4 28. Rxe8+ Rxe8 29. Bxd7 Rd8 30. Bc6 Kf8 31. Ra1 Qg3 32. Ra3 Qh4 33. Qb3 Kg8 34. Ra7 Bf8 35. Qxf7+ 1-0

[Event "GER-ch U10"]
[Site "Oberhof"]
[Date "2013.05.23"]
[Round "8"]
[White "Stirnberg, Noah"]
[Black "Astner, Sebastian"]
[Result "1-0"]
[WhiteElo "1338"]
[BlackElo "886"]
[PlyCount "70"]
[EventDate "2013.05.19"]
[EventType "swiss"]
[EventRounds "11"]
[EventCountry "GER"]
[SourceTitle "CBM 154 Extra"]
[Source "ChessBase"]
[SourceDate "2013.06.25"]
[SourceVersion "2"]
[SourceVersionDate "2013.06.25"]
[SourceQuality "1"]

1. d4 d6 2. c4 g6 3. Nc3 Bg7 4. e4 e6 5. f4 Ne7 6. Nf3 0-0 7. Be2 f5 8. e5 b6 9. Be3 Bb7 10. b4 d5 11. c5 Nd7 12. 0-0 Rb8 13. Ng5 Qc8 14. Nxe6 Rf7 15. Nxg7 Kxg7 16. e6 Rf8 17. exd7 Qxd7 18. Bd3 Qe6 19. Re1 Qf6 20. Qe2 Nc6 21. Nxd5 Qd8 22. Bc4 b5 23. Bb3 Re8 24. Qb2 Qh4 25. Nxc7 Rec8 26. d5+ Kf8 27. Ne6+ Ke7 28. dxc6 Bxc6 29. Qg7+ Ke8 30. Qf8+ Kd7 31. Rad1+ Bd5 32. Rxd5+ Kc6 33. Qd6+ Kb7 34. Qd7+ Ka8 35. Red1 Rd8 1-0

[Event "GER-ch U10"]
[Site "Oberhof"]
[Date "2013.05.20"]
[Round "4"]
[White "Stirnberg, Noah"]
[Black "Kublanov, Elizabeth"]
[Result "1-0"]
[WhiteElo "1338"]
[BlackElo "1103"]
[PlyCount "53"]
[EventDate "2013.05.19"]
[EventType "swiss"]
[EventRounds "11"]
[EventCountry "GER"]
[SourceTitle "CBM 154 Extra"]
[Source "ChessBase"]
[SourceDate "2013.06.25"]
[SourceVersion "2"]
[SourceVersionDate "2013.06.25"]
[SourceQuality "1"]

1. d4 Nf6 2. Nf3 d5 3. Bf4 c5 4. e3 Nc6 5. c3 Qb6 6. Qb3 c4 7. Qc2 Bf5 8. Qc1 e6 9. Nbd2 Be7 10. Nh4 0-0 11. Nxf5 exf5 12. Qc2 Ne4 13. Bg3 Rfe8 14. Rb1 Nxd2 15. Qxd2 Bf6 16. Be2 Re7 17. Qc2 Rae8 18. Qxf5 Qa5 19. 0-0 Re6 20. Bf3 Ne7 21. Qc2 Qxa2 22. Ra1 Qb3 23. Qxb3 cxb3 24. Rxa7 Rb8 25. Bxb8 Nc6 26. Rxb7 Re8 27. Bg3 1-0

[Event "GER-chT U10"]
[Site "Magdeburg"]
[Date "2012.12.28"]
[Round "4.3"]
[White "Zyla, Lennert"]
[Black "Stirnberg, Noah"]
[Result "0-1"]
[WhiteElo "1260"]
[BlackElo "1147"]
[PlyCount "154"]
[EventDate "2012.12.27"]
[EventType "team-swiss"]
[EventRounds "7"]
[EventCountry "GER"]
[SourceTitle "EXT 2014"]
[Source "ChessBase"]
[SourceDate "2013.11.20"]
[SourceVersion "1"]
[SourceVersionDate "2013.11.20"]
[SourceQuality "1"]
[WhiteTeam "Porz SG"]
[BlackTeam "Paderborn Blauer Springer"]
[WhiteTeamCountry "GER"]
[BlackTeamCountry "GER"]

1. e4 c5 2. Nf3 d6 3. d4 cxd4 4. Nxd4 Nf6 5. Nc3 a6 6. Be2 e5 7. Nf3 Be7 8. 0-0 b5 9. a3 Bb7 10. Bd3 Nbd7 11. b4 Rc8 12. Bb2 Qc7 13. Qd2 h6 14. Rac1 0-0 15. Rfd1 Rfd8 16. h3 Nh5 17. Ne2 Nhf6 18. Ng3 Re8 19. c4 Qb6 20. Qe2 bxc4 21. Bxc4 Rc7 22. Rd2 Rec8 23. Rdc2 Kf8 24. Bb3 Rxc2 25. Rxc2 Rxc2 26. Qxc2 Qc6 27. Qxc6 Bxc6 28. Bc2 Nb6 29. Nd2 Na4 30. Nc4 Nxb2 31. Nxb2 g6 32. Nc4 Bb5 33. Nb6 Bd8 34. Nd5 Nxd5 35. exd5 Bc4 36. Ne4 Be7 37. Nc3 f5 38. Bb1 e4 39. Ba2 Bxa2 40. Nxa2 Bf6 41. Kf1 Be7 42. Ke2 Bg5 43. a4 Ke8 44. g3 Bf6 45. f3 exf3+ 46. Kxf3 g5 47. a5 h5 48. Ke3 Be5 49. Kf2 Ke7 50. Nc1 Kf6 51. Nd3 Bd4+ 52. Kf3 g4+ 53. hxg4 hxg4+ 54. Kf4 Bc3 55. Ke3 Be5 56. Kf2 Bd4+ 57. Kg2 Ba7 58. Nf4 Bd4 59. Nd3 Be3 60. Nf4 Bd2 61. Nd3 Bc3 62. Kf2 Bd4+ 63. Ke2 Ba7 64. Nf4 Ke5 65. Ke1 Ke4 66. Kd2 Be3+ 67. Ke2 Bxf4 68. gxf4 Kxd5 69. b5 axb5 70. Kd3 g3 71. Ke3 b4 72. a6 Kc6 73. a7 Kb7 74. a8B+ Kxa8 75. Kf3 b3 76. Kxg3 b2 77. Kh4 b1Q 0-1

[Event "GER-chT U10"]
[Site "Magdeburg"]
[Date "2012.12.27"]
[Round "1.3"]
[White "Stirnberg, Noah"]
[Black "Watzek, Luna"]
[Result "1-0"]
[WhiteElo "1147"]
[BlackElo "767"]
[PlyCount "85"]
[EventDate "2012.12.27"]
[EventType "team-swiss"]
[EventRounds "7"]
[EventCountry "GER"]
[SourceTitle "EXT 2014"]
[Source "ChessBase"]
[SourceDate "2013.11.20"]
[SourceVersion "1"]
[SourceVersionDate "2013.11.20"]
[SourceQuality "1"]
[WhiteTeam "Meuselwitz"]
[BlackTeam "Paderborn Blauer Springer"]
[WhiteTeamCountry "GER"]
[BlackTeamCountry "GER"]

1. d4 d5 2. Bf4 Bf5 3. e3 e6 4. Nf3 Nc6 5. c3 Be7 6. Bd3 Nf6 7. Qc2 Ne4 8. Nbd2 Nxd2 9. Qxd2 Bg6 10. Bb5 0-0 11. Ne5 a6 12. Nxc6 bxc6 13. Bxc6 Rb8 14. Ba4 Bh5 15. Bd1 Bg6 16. Bc2 Be4 17. Bxe4 dxe4 18. Qe2 Qd5 19. Bxc7 Rbc8 20. Bg3 Qc4 21. Qc2 Qd3 22. Qxd3 exd3 23. Rd1 d2+ 24. Rxd2 h6 25. 0-0 Rc6 26. e4 Rb6 27. e5 Bg5 28. f4 Be7 29. Bf2 Rb5 30. Rfd1 Ra5 31. b4 Ra3 32. Rc1 Bd8 33. g4 Bb6 34. h4 Rd8 35. g5 hxg5 36. hxg5 g6 37. Be3 Kg7 38. Rh2 Rd7 39. Kg2 Bd8 40. Kf3 a5 41. Rch1 Ra4 42. Rh8 f6 43. R1h7# 1-0

[Event "GER-ch U10"]
[Site "Oberhof"]
[Date "2012.06.01"]
[Round "10"]
[White "Stirnberg, Noah"]
[Black "Kukulina, Sonja"]
[Result "1-0"]
[WhiteElo "1145"]
[BlackElo "948"]
[PlyCount "111"]
[EventDate "2012.05.27"]
[EventType "swiss"]
[EventRounds "11"]
[EventCountry "GER"]
[SourceTitle "CBM 148 Extra"]
[Source "ChessBase"]
[SourceDate "2012.06.22"]
[SourceVersion "1"]
[SourceVersionDate "2012.06.22"]
[SourceQuality "1"]

1. d4 d6 2. Nf3 Bg4 3. Bf4 Bxf3 4. exf3 Nf6 5. Nd2 Nbd7 6. c3 e5 7. Be3 Be7 8. Bd3 c5 9. Qb3 b6 10. 0-0 0-0 11. Ne4 d5 12. Nxf6+ Nxf6 13. Qc2 c4 14. Be2 Qd6 15. Rfd1 Rad8 16. Rd2 Rfe8 17. g3 Qe6 18. a3 Bd6 19. Re1 e4 20. Rdd1 Rf8 21. fxe4 Nxe4 22. Bc1 Qf5 23. Bxc4 dxc4 24. Qxe4 Qxe4 25. Rxe4 f5 26. Re2 a5 27. Bf4 Bxf4 28. gxf4 Rf6 29. h3 Rh6 30. Kg2 Rg6+ 31. Kh2 Kf7 32. Re3 Rdd6 33. Rde1 Rde6 34. Re5 Rxe5 35. Rxe5 Rf6 36. a4 Kg6 37. f3 Rc6 38. Kg2 h5 39. h4 Kh6 40. Rxf5 g6 41. Re5 Rf6 42. Kg3 Rf5 43. Re6 b5 44. axb5 Rxb5 45. Re2 a4 46. Rd2 Rc5 47. dxc5 Kg7 48. Rd4 Kh6 49. Rxc4 Kg7 50. Rxa4 Kh6 51. c6 Kg7 52. c7 Kf7 53. c8Q Ke7 54. Qc6 g5 55. Ra7+ Kd8 56. Qd7# 1-0

[Event "GER-ch U10"]
[Site "Oberhof"]
[Date "2012.05.27"]
[Round "1"]
[White "Mantel, Ruben"]
[Black "Stirnberg, Noah"]
[Result "1-0"]
[WhiteElo "1539"]
[BlackElo "1145"]
[PlyCount "109"]
[EventDate "2012.05.27"]
[EventType "swiss"]
[EventRounds "11"]
[EventCountry "GER"]
[SourceTitle "CBM 148 Extra"]
[Source "ChessBase"]
[SourceDate "2012.06.22"]
[SourceVersion "1"]
[SourceVersionDate "2012.06.22"]
[SourceQuality "1"]

1. e4 c5 2. Nf3 d6 3. d4 cxd4 4. Nxd4 Nf6 5. Nc3 a6 6. f3 Nbd7 7. Be3 e6 8. Bd3 Be7 9. 0-0 Qc7 10. f4 b5 11. f5 e5 12. Nb3 Bb7 13. a3 Rc8 14. Qe2 0-0 15. Bf2 Ne8 16. a4 b4 17. Nd5 Bxd5 18. exd5 f6 19. a5 Kh8 20. Rfc1 Nc5 21. Nxc5 dxc5 22. Bxa6 Rd8 23. Rd1 Nd6 24. Bd3 Rc8 25. b3 Ra8 26. a6 Rfb8 27. Ra4 Qb6 28. Rda1 Ra7 29. Ra5 Nc8 30. Qh5 Bf8 31. Rb5 Qc7 32. Qe8 Kg8 33. Bc4 Nd6 34. Qxb8 Qxb8 35. Rxb8 Kf7 36. Bxc5 Rc7 37. Bxd6 Bxd6 38. Rb7 Bc5+ 39. Kf1 Rxb7 40. axb7 Bd6 41. Ra8 Ke7 42. b8Q Bxb8 43. Rxb8 Kd6 44. Rc8 Kd7 45. Rc6 e4 46. Ke2 e3 47. Kxe3 Ke7 48. Kd4 Kd7 49. Kc5 Ke7 50. Re6+ Kd8 51. Kc6 g6 52. g4 h6 53. h4 g5 54. h5 Kc8 55. Re8# 1-0